| 000 | 00558nam a22001697a 4500 | ||
|---|---|---|---|
| 005 | 20251111162739.0 | ||
| 008 | 251111b |||||||| |||| 00| 0 eng d | ||
| 020 | _a9781292014388 | ||
| 050 |
_aTK5105 _b.S73 |
||
| 100 | _aStallings, William | ||
| 245 |
_aData and Computer Communications _cWilliam Stallings, international edition contributions by Moumita Mitra Manna |
||
| 250 |
_a10th ed. _binternational edition |
||
| 260 |
_aBoston _bPearson _c2014 |
||
| 300 |
_a907p. _bill. some color |
||
| 700 | _aManna, Moumita Mitra | ||
| 942 |
_2lcc _cBK _e10th ed. _n0 |
||
| 999 |
_c8220 _d8220 |
||